000 00340nam a2200145Ia 4500
008 230718s9999 xx 000 0 und d
041 _aEng.
082 _a519.5
_bMAL-I
100 _aMalfol, Ronalde E
245 0 _aIntruduction to sixtistes
260 _aPakistan
_bMacmillan fab
_c1965
300 _a253
650 _aLaw
999 _c26311
_d26311